[Event "Arab-ch U16 Girls"]
[Site "Baghdad"]
[Date "2022.03.15"]
[Round "7"]
[White "Asal, Nawar Ahmed"]
[Black "Ola, Bilal"]
[Result "0-1"]
[WhiteElo "1413"]
[BlackElo "1708"]
[PlyCount "119"]
[EventDate "2022.03.10"]
[EventType "swiss"]
[EventRounds "9"]
[EventCountry "IRQ"]
[SourceTitle "EXT 2023"]
[Source "ChessBase"]
[SourceDate "2022.10.05"]
[SourceVersion "1"]
[SourceVersionDate "2022.10.05"]
[SourceQuality "1"]

1. e4 e6 2. d4 d5 3. exd5 exd5 4. Bd3 Bd6 5. c3 Ne7 6. Qb3 c6 7. Be3 Qc7 8. Nf3 Bf5 9. Bxf5 Nxf5 10. Nbd2 Nd7 11. Qc2 Ne7 12. 0-0 0-0 13. Rfe1 Rfe8 14. Nf1 Nf6 15. Ng3 h6 16. Re2 Ng4 17. Bd2 Ng6 18. Rae1 Rxe2 19. Rxe2 Kf8 20. Qf5 Bxg3 21. fxg3 Qc8 22. Qxc8+ Rxc8 23. Bf4 Nf6 24. Bd6+ Kg8 25. Ne5 Re8 26. Kf1 Nxe5 27. Rxe5 Re6 28. Bc7 a6 29. h3 Nd7 30. Rxe6 fxe6 31. Be5 Kf7 32. g4 Nf6 33. Ke2 Ne4 34. Ke3 Nf6 35. g3 g5 36. Bxf6 Kxf6 37. h4 e5 38. b3 b6 39. c4 Ke6 40. a3 dxc4 41. bxc4 exd4+ 42. Kxd4 Kd6 43. a4 b5 44. cxb5 cxb5 45. axb5 axb5 46. Kc3 Kc5 47. Kb3 b4 48. Kb2 Kc4 49. Kc2 Kd4 50. Kb3 Ke4 51. Kxb4 Kf3 52. Kc3 Kxg3 53. hxg5 hxg5 54. Kd3 Kxg4 55. Ke2 Kh3 56. Kf2 g4 57. Kg1 Kg3 58. Kh1 Kf2 59. Kh2 g3+ 60. Kh1 0-1